Vplyv modifikovaných spojív na vlastnosti ľahkých konopných kompozitov

Saved in:
Bibliographic Details
Main Author: Buček, Dušan (Author)
Other Authors: Ledererová, Miriam (Thesis advisor)
Format: Manuscript Book
Language:Slovak
Published: 2023
Subjects:
Online Access:http://is.stuba.sk/zp/portal_zp.pl?podrobnosti=172041
https://opac.crzp.sk/?fn=detailBiblioForm&sid=EC7951772ACC837B5F7AC6A56A1E
Tags: Add Tag
No Tags, Be the first to tag this record!

MARC

LEADER 00000ntm a22000003a 4500
001 stuzp94491
003 SK-STU
005 20230914135501.4
007 ta
008 150427s2015----xo-----f-mn---000-0-slo-d
040 |a STU  |b slo 
041 0 |a slo 
100 1 |a Buček, Dušan  |u 010200  |4 aut  |U SvF Stavebná fakulta  |T SvF Katedra materiálového inžinierstva a fyziky  |X 77054  |U V200  |Y 844  |7 77054 
242 0 1 |a The influence of modified binders on the properties of light hemp composites  |y eng 
245 1 0 |a Vplyv modifikovaných spojív na vlastnosti ľahkých konopných kompozitov 
260 |c 2023 
650 4 |a Konopný betón  |2 slo 
650 4 |a Spojivá  |2 slo 
650 4 |a Vápno  |2 slo 
650 4 |a Lime  |2 eng 
650 4 |a Hemp concrete  |2 eng 
650 4 |a Binders  |2 eng 
700 1 |a Ledererová, Miriam  |u 010200  |k Z1  |4 ths  |U SvF Stavebná fakulta  |T SvF Katedra materiálového inžinierstva a fyziky  |X 812  |U V200  |Y 844  |7 A000000812 
856 4 |u http://is.stuba.sk/zp/portal_zp.pl?podrobnosti=172041 
856 4 |u https://opac.crzp.sk/?fn=detailBiblioForm&sid=EC7951772ACC837B5F7AC6A56A1E